00881nam a22002531a 450000100060000000300080000600500170001400800410003103500190007203500140009104000270010504100080013208200180014010000270015824500830018526000320026830000290030050400200032950500590034965000440040894200120045299900170046495201460048119310BD-RjUL20211209000420.0140223s1959 enk 000 0 eng d a(BD-RjUL)19369 a(BD-RjUL) aANLbengcANLdBD-RjUL aeng a792.0942bWIE1 aWickham, Glynne95045910aEarly English stages, 1300-1600 /cGlynne WickhamnVolume one 1300 to 1576b. aLondon :bRoutledge,c1963. a428 p. :bill. ;c23 cm. aIncludes index.0 a- v.1. 1300 to 1600; v.2. 1576 to 1660, pt.1. andpt.2. 0aTheaterzGreat BritainxHistory.959396 2ddccBK c19310d19310 00102ddc40718NFICaRUCLbRUCLcReadingd1965-10-13eBlack Wellg60.00l0o792.0942 WIE V-11963r2014-02-23 00:00:00tC-1w2014-02-23yBK